| 000 | 01128nam a2200277 i 4500 | ||
|---|---|---|---|
| 003 | DO-SdBNP | ||
| 005 | 20250908084330.0 | ||
| 007 | ta | ||
| 008 | 250520b1982 dr e|||| |||| 00| 0 spa d | ||
| 040 |
_aDO-SdBNP _bspa _cBNPHU _erda |
||
| 041 | _hspa | ||
| 082 |
_a351.8642 _bR426c _222 |
||
| 110 |
_aRepública Dominicana. _bSecretaría de Obras Públicas y Comunicaciones. _979727 |
||
| 111 | 1 |
_aConcurso de Arte y Literatura Bancentral _cSanto Domingo, República Dominicana) _d27 : 2023 _987834 |
|
| 245 | 1 | 0 |
_aCriterios básicos para el diseño geométrico de carreteras : _bM-012 / |
| 264 |
_aSanto Domingo : _bSecretaría de Obras Públicas y Comunicaciones, _bDepartamento de Normas, Reglamentos y Sistemas (DGRS), _c1982. |
||
| 300 |
_a50 páginas : _bplanos ; _c28 cm |
||
| 336 |
_ardacontent _btexto _2txt |
||
| 337 |
_ardamedia _bsin mediación _2n |
||
| 338 |
_ardacarrier _bvolumen _2nc |
||
| 590 | _aInventariado, 2025/DG | ||
| 650 | 4 |
_aCarreteras _911794 _xDiseño y construcción Normas |
|
| 856 | _yhttps://www.mopc.gob.do/media/1425/r-012-diseno-geometrico-de-carreteras.pdf | ||
| 910 | _aDG | ||
| 942 |
_2ddc _cLF2 |
||
| 999 |
_c59190 _d59190 |
||